Cambio climático y desastres urbanos / (Registro nro. 8221)

Detalles MARC
000 -CABECERA
campo de control de longitud fija 01632nam a22002657a 4500
003 - IDENTIFICADOR DEL NÚMERO DE CONTROL
campo de control DO-SdBJH
005 - FECHA Y HORA DE LA ÚLTIMA TRANSACCIÓN
campo de control 20250530154752.0
008 - DATOS DE LONGITUD FIJA--INFORMACIÓN GENERAL
campo de control de longitud fija 250530b |||||||| |||| 00| 0 spa d
020 ## - NÚMERO INTERNACIONAL ESTÁNDAR DEL LIBRO
Número Internacional Estándar del Libro 9786070508493
040 ## - FUENTE DE LA CATALOGACIÓN
Centro catalogador/agencia de origen DO-SdBJH
Lengua de catalogación spa
Centro/agencia transcriptor DO-SdBJH
082 ## - NÚMERO DE LA CLASIFICACIÓN DECIMAL DEWEY
Número de clasificación 720.47 B362c 2023
100 ## - ENTRADA PRINCIPAL--NOMBRE DE PERSONA
Autor Personal Bazant S, Jan
245 ## - MENCIÓN DE TÍTULO
Título Cambio climático y desastres urbanos /
Resto del título Jan Bazant S.
260 ## - PUBLICACIÓN, DISTRIBUCIÓN, ETC.
Lugar de publicación, distribución, etc. México :
Nombre del editor, distribuidor, etc. Limusa,
Fecha de publicación, distribución, etc. 2023
300 ## - DESCRIPCIÓN FÍSICA
Extensión 173 páginas.
Otras características físicas ilustraciones, fotos blanco y negro
504 ## - NOTA DE BIBLIOGRAFÍA, ETC.
Nota de bibliografía, etc. Incluye referencia bibliográfica
505 ## - NOTA DE CONTENIDO CON FORMATO
Nota de contenido con formato Las regiones costeras están expuestas a los cada vez más frecuentes e intensos huracanes, que al penetrar a las ciudades ocasionan cuantiosos destrozos materiales y daños a su infraestructura. Pero las planicies costeras y sus poblados sufren las peores consecuencias, por las extensas inundaciones sobre los fértiles campos de cultivo, sus zonas urbanas y los daños a las carreteras. Si bien la región templada tiene menor frecuencia de incidencias de temporales, cuando ocurren ocasionan desastres en las ciudades, pues los cauces de ríos (normalmente secos) empiezan a concentrar enormes volúmenes de agua que destroza todo a su paso. Hay derrumbes y puentes arrasados, así como todas las edificaciones que se encuentran en su perímetro, con grandes pérdidas materiales y afectaciones a la vida de los habitantes
650 #7 - PUNTO DE ACCESO ADICIONAL DE MATERIA--TÉRMINO DE MATERIA
Fuente del encabezamiento o término Dewey
Término de materia o nombre geográfico como elemento de entrada Arquitectura
650 #7 - PUNTO DE ACCESO ADICIONAL DE MATERIA--TÉRMINO DE MATERIA
Término de materia o nombre geográfico como elemento de entrada Cambio climático
650 #7 - PUNTO DE ACCESO ADICIONAL DE MATERIA--TÉRMINO DE MATERIA
Término de materia o nombre geográfico como elemento de entrada Aspectos ambientales
650 #7 - PUNTO DE ACCESO ADICIONAL DE MATERIA--TÉRMINO DE MATERIA
Término de materia o nombre geográfico como elemento de entrada Aspectos ambientales
Subdivisión geográfica México
650 #7 - PUNTO DE ACCESO ADICIONAL DE MATERIA--TÉRMINO DE MATERIA
Término de materia o nombre geográfico como elemento de entrada Desastre naturales
650 #7 - PUNTO DE ACCESO ADICIONAL DE MATERIA--TÉRMINO DE MATERIA
Término de materia o nombre geográfico como elemento de entrada Políticas gubernamentales
Subdivisión geográfica México
942 ## - ELEMENTOS DE PUNTO DE ACCESO ADICIONAL (KOHA)
Fuente del sistema de clasificación o colocación Dewey Decimal Classification
Tipo de ítem Koha Libros
Catalogador Elizabeth Figueroa
Existencias
Estado de retiro Estado de pérdida Fuente del sistema de clasificación o colocación Estado dañado No para préstamo Código de colección Localización permanente Ubicación/localización actual Ubicación en estantería Fecha de adquisición Número de inventario Total de préstamos Signatura topográfica completa Código de barras Fecha visto por última vez Número de copia Precio válido a partir de Tipo de ítem Koha
    Dewey Decimal Classification     Colección General SIBM UNADE - Biblioteca Sede Central SIBM UNADE - Biblioteca Sede Central En estantería 05/30/2025 25-03227   720.47 B362c 2023 25-03227 05/30/2025 e.1 05/30/2025 Libros
    Dewey Decimal Classification     Colección General SIBM UNADE - Biblioteca Sede Central SIBM UNADE - Biblioteca Sede Central En estantería 05/30/2025 25-03228   720.47 B362c 2023 25-03228 05/30/2025 e.2 05/30/2025 Libros
© Copyright 2016. Universidad Nacional para la Defensa.Todos los derechos reservados.

 

Designed & Maintained by: https://www.sibdweb.com.do
Sistema de Información & Bibliotecas (SIBD). Contact: pbrito2005@gmail.com